| 000 | 01163nam a22002897a 4500 | ||
|---|---|---|---|
| 999 |
_c112878 _d112878 |
||
| 003 | dpl | ||
| 005 | 20190123104928.0 | ||
| 008 | 190123b ||||| |||| 00| 0 eng d | ||
| 010 | _aB-075247 | ||
| 020 | _c95.00 | ||
| 035 | _aB-075247, B-075249 | ||
| 037 | _bCen Lib/Ret | ||
| 040 |
_aDPL _bHN _c0 |
||
| 082 |
_a821 _bशाकिर |
||
| 100 |
_aशाकिर, परवीन _949561 |
||
| 245 |
_aखुशबू / _cपरवीन शाकिर; अनुवादक असगर वजाहत |
||
| 246 |
_aKhushboo / _bby Parveen Shakir; anuvadak Asgar Wajahat |
||
| 260 |
_aनई दिल्ली _bवाणी प्रकाशन _c2002 |
||
| 270 |
_bनई दिल्ली _a21-ए, दरियागंज _e110002 |
||
| 300 |
_a128पृ. _c21सेमी(सजिल्द) |
||
| 650 |
_aहिंदी साहित्य _949562 |
||
| 650 |
_aहिंदी साहित्य -- कविता _93490 |
||
| 650 |
_aHindi literature _949563 |
||
| 650 |
_aHindi literature -- Poetry _949564 |
||
| 700 |
_aवजाहत, असगर _92125 |
||
| 942 |
_2ddc _cHN _h821 _mशाकिर |
||